Elsie & Mairi Go to War, (Record no. 6583)

MARC details
005 - DATE AND TIME OF LATEST TRANSACTION
control field 20250702091323.0
020 ## - INTERNATIONAL STANDARD BOOK NUMBER
International Standard Book Number 978-1-84809-135-1
082 ## - DEWEY DECIMAL CLASSIFICATION NUMBER
Classification number 657 ATK
100 ## - MAIN ENTRY--PERSONAL NAME
Author name ATKINSON, D.
245 ## - TITLE STATEMENT
Title Elsie & Mairi Go to War,
260 ## - PUBLICATION, DISTRIBUTION, ETC.
Place of publication, distribution, etc. New York,
Name of publisher, distributor, etc. Library Of Congress Cataloging-In- Publication Data
Date of publication, distribution, etc. 2015.
300 ## - PHYSICAL DESCRIPTION
Extent x;280p: ill; picture,
Dimensions 22cm.
942 ## - ADDED ENTRY ELEMENTS (KOHA)
Source of classification or shelving scheme Dewey Decimal Classification
Koha item type Books
Holdings
Date last seen Total checkouts Full call number Barcode Cost, replacement price Price effective from Koha item type Lost status Source of classification or shelving scheme Damaged status Not for loan Withdrawn status Home library Current library Shelving location Date acquired Cost, normal purchase price
07/02/2025   658 ATK DOM0003076 90000.00 07/02/2025 Books   Dewey Decimal Classification       CBE Dodoma CBE Dodoma General Collection 07/02/2010 30000.00